Xác định các yếu tố ảnh hưởng đến giá đất nền dự án tại thành phố Cần Thơ : Luận văn thạc sĩ Kinh tế chuyên ngành. Tài chính Ngân hàng
Mục tiêu của đề tài nhằm phân tích thực trạng thị trường đất nền và các yếu tố tác động đến giá đất nền dự án tại thành phố Cần Thơ – Điển hình là Khu đô thị Nam Cần Thơ. Từ đó đề xuất một số giải pháp thúc đẩy thị trường đa...
Bewaard in:
| Hoofdauteur: | |
|---|---|
| Formaat: | Boek |
| Taal: | Undetermined |
| Gepubliceerd in: |
Cần Thơ
Trường Đại học Cần Thơ
2019
|
| Onderwerpen: | |
| Tags: |
Voeg label toe
Geen labels, Wees de eerste die dit record labelt!
|
| Thư viện lưu trữ: | Trung tâm Học liệu Trường Đại học Cần Thơ |
|---|
| LEADER | 01419nam a2200229Ia 4500 | ||
|---|---|---|---|
| 001 | CTU_233375 | ||
| 008 | 210402s9999 xx 000 0 und d | ||
| 082 | |a 332.6324 | ||
| 082 | |b Tr312 | ||
| 088 | |a 8340201 | ||
| 100 | |a Đỗ, Thiện Mỹ Trinh | ||
| 245 | 0 | |a Xác định các yếu tố ảnh hưởng đến giá đất nền dự án tại thành phố Cần Thơ : | |
| 245 | 0 | |b Luận văn thạc sĩ Kinh tế chuyên ngành. Tài chính Ngân hàng | |
| 245 | 0 | |c Đỗ Thiện Mỹ Trinh ; Lê Cảnh Dũng (Hướng dẫn khoa học) | |
| 260 | |a Cần Thơ | ||
| 260 | |b Trường Đại học Cần Thơ | ||
| 260 | |c 2019 | ||
| 520 | |a Mục tiêu của đề tài nhằm phân tích thực trạng thị trường đất nền và các yếu tố tác động đến giá đất nền dự án tại thành phố Cần Thơ – Điển hình là Khu đô thị Nam Cần Thơ. Từ đó đề xuất một số giải pháp thúc đẩy thị trường đất nền tại khu đô thị Nam Cần Thơ phát triển ổn định hơn trong thời gian tới. | ||
| 650 | |a Đầu tư bất động sản,Real estate investment | ||
| 910 | |b tvtrong | ||
| 910 | |c tvtrong,tvtrong | ||
| 980 | |a Trung tâm Học liệu Trường Đại học Cần Thơ | ||